000 00799cpcaa2200241 4500
001 mm 79000544
003 DLC
005 20260227111632.0
008 790413|||||||||||| eng
010 _amm 79000544
040 _aDLC
_cDLC
_edacs
_dDLC
072 7 _aL
_2lcmd
100 1 _aCoffin, Charles Carleton,
_d1823-1896.
245 0 0 _aCharles Carleton Coffin correspondence,
_fundated.
300 _a1
_fitem.
506 0 _aOpen to research.
545 0 _aAuthor.
546 _aCollection material in English.
580 _aForms part of: Miscellaneous Manuscripts collection.
656 7 _aAuthors.
_2itoamc
999 _c40470
_d40470